000 00558nam a2200205Ia 4500
005 20250508152450.0
008 008 250505s9999 xx 000 0 eng d
037 _aTextBook
040 _aFEDL
_beng
_cFEDL
041 _aeng
_2eng
084 _a150.72, GAR
_qFEDL
100 _aGarrett Henry E
245 0 _aGreat experiments in psychology
260 _aLondon, UK
_bVision Press
300 _axvii,358p
365 _aINR
_b33.6
650 _aExperimental Research-Psychology
942 _cTB
_h150.72, GAR
999 _c1336599
_d1336599